| 000 | 01683cam a2200385 a 4500 | ||
|---|---|---|---|
| 999 |
_c27374 _d27374 |
||
| 001 | 2978494 | ||
| 003 | OSt | ||
| 005 | 20170208112422.0 | ||
| 008 | 920923s1993 nyuab b 000 0 eng | ||
| 010 | _a 92033347 | ||
| 020 | _a0847814866 | ||
| 020 | _a0847814874 (pbk.) | ||
| 040 |
_aDLC _cDLC _dDLC |
||
| 043 | _an-us--- | ||
| 050 | 0 | 0 |
_aNA737.K65 _bK59 1993 |
| 082 | 0 | 0 |
_a720/.92/2 _220 |
| 245 | 0 | 0 |
_aKohn Pedersen Fox : _barchitecture and urbanism, 1986-1992 / _cedited by Warren A. James ; introduction by Christian Norberg-Schultz ; essays by Joseph Giovannini ... [et al.] ; postscript by Judith Turner. |
| 260 |
_aNew York : _bRizzoli, _c1993. |
||
| 300 |
_a414 p. : _bill. (some col.), maps (some col.) ; _c31 cm. |
||
| 500 | _aCover title: KPF. | ||
| 504 | _aIncludes bibliographical references (p. 406-409). | ||
| 610 | 2 | 0 | _aKohn Pedersen Fox (Firm) |
| 650 | 0 |
_aArchitecture _zUnited States _xHistory _y20th century. |
|
| 650 | 0 | _aArchitectural practice, International. | |
| 700 | 1 |
_aJames, Warren A., _d1960- |
|
| 700 | 1 | _aGiovannini, Joseph. | |
| 740 | 0 | _aKPF. | |
| 740 | 0 | _aArchitecture and urbanism, 1986-1992. | |
| 856 | 4 | 2 |
_3Contributor biographical information _uhttp://www.loc.gov/catdir/bios/hol054/92033347.html |
| 856 | 4 | 2 |
_3Publisher description _uhttp://www.loc.gov/catdir/description/hol042/92033347.html |
| 906 |
_a7 _bcbc _corignew _d1 _eocip _f19 _gy-gencatlg |
||
| 942 |
_2lcc _cBOOKS _hNA 737 .K65K59 1993 |
||